00198nam a2200073Ia 4500008004100000082000800041100001200049245006300061240331s9999 xx 000 0 und d bDIR aDirie.W 0aDesert Flower :bThe Extraordinary Life of a Desert Nomad